Statistics for Germany Global Cities

Click here to take the quiz!

General Stats

  • This quiz has been taken 70 times
    (29 since last reset)
  • The average score is 13 of 15

Answer Stats

HintAnswer% Correct
Beta+Berlin
100%
AlphaFrankfurt
100%
Beta+Hamburg
100%
Alpha-Munich
100%
Gamma+Cologne
96%
Beta+Düsseldorf
96%
SufficiencyLeipzig
92%
Beta-Stuttgart
92%
SufficiencyDresden
88%
SufficiencyNuremburg
88%
SufficiencyBremen
81%
SufficiencyHanover
81%
SufficiencyDortmund
77%
SufficiencyEssen
77%
SufficiencyMannheim
54%

Score Distribution

Percentile by Number Answered

Percent of People with Each Score

Your Score History

You have not taken this quiz since the last reset